| 000 | 00000nam 2200000zi 4500 |
| 001 | 9.862684 |
| 003 | CaOODSP |
| 005 | 20240724141827 |
| 006 | m o d f |
| 007 | cr ||||||||||| |
| 008 | 181002s2018 onc o f000 0 fre d |
| 020 | |a9780660279992 |
| 040 | |aCaOODSP|bfre|erda|cCaOODSP |
| 043 | |an-cn--- |
| 086 | 1 |aH164-243/2018F-PDF |
| 245 | 00|aNormes de rendement pour l’arrêté sur les prix à payer à l’égard des drogues et instruments médicaux. |
| 250 | |a[Édition du 22 novembre 2018]. |
| 264 | 1|a[Ottawa] : |bSanté Canada = Health Canada, |c2018. |
| 300 | |a1 ressource en ligne (10 pages) |
| 336 | |atexte|btxt|2rdacontent/fre |
| 337 | |ainformatique|bc|2rdamedia/fre |
| 338 | |aressource en ligne|bcr|2rdacarrier/fre |
| 500 | |aPublié aussi en anglais sous le titre : Performance standards for the fees in respect of drugs and medical devices order. |
| 500 | |aTitre de la couverture. |
| 500 | |a« Publié : le 22 novembre 2018. » |
| 520 | |a« Le présent document a pour objectif de stipuler les normes de rendement devant être utilisées pour déterminer si une remise devrait être accordée, en vertu de l’Arrêté sur les prix à payer à l’égard des drogues et instruments médicaux, à une personne tenue de s’acquitter de frais en vertu de cet arrêté »--page 1. |
| 692 | 07|2gccst|aProduit médical |
| 692 | 07|2gccst|aFrais |
| 710 | 1 |aCanada. |bSanté Canada. |
| 775 | 08|tPerformance standards for the fees in respect of drugs and medical devices order.|w(CaOODSP)9.862683 |
| 794 | |tNormes de rendement pour l'arrêté sur les prix à payer à l'égard des drogues et instruments médicaux.|b[Édition du 1 novembre 2022]|w(CaOODSP)9.920034 |
| 856 | 40|qPDF|s467 Ko|uhttps://publications.gc.ca/collections/collection_2019/sc-hc/H164-243-2018-fra.pdf |